00273nam a2200121Ia 4500008004100000082001800041100000800059245001600067250000800083260003400091300001000125650001600135150201s2010 xx 000 0 und d a616.399bH11P aPTU aHAEMATOLOGY a1ST bVIKAS PUBLICTIONaNOIDAc2010 a1-166 aHAEMATOLOGY